[Event "Dortmund op-B"]
[Site "Dortmund"]
[Date "2003.08.09"]
[Round "8"]
[White "Mijatovic, Mijo"]
[Black "Gerads, Wilfried"]
[Result "1/2-1/2"]
[WhiteElo "1849"]
[BlackElo "1708"]
[PlyCount "124"]
[EventDate "2003.08.01"]
[EventType "swiss"]
[EventRounds "9"]
[EventCountry "GER"]
[SourceTitle "CBM 095 Extra"]
[Source "ChessBase"]
[SourceDate "2003.09.04"]
[SourceVersion "1"]
[SourceVersionDate "2003.09.04"]
[SourceQuality "1"]

1. d4 Nf6 2. c4 g6 3. Nc3 d5 4. Nf3 Bg7 5. Bg5 c6 6. e3 0-0 7. Bd3 Nbd7 8. Rc1 Re8 9. Qb3 Qb6 10. Qa3 h6 11. Na4 Qd8 12. Bf4 Nh5 13. Bg3 Nxg3 14. hxg3 e5 15. dxe5 Nxe5 16. Nxe5 Rxe5 17. 0-0 Be6 18. cxd5 Bxd5 19. Rcd1 Qc8 20. Nc3 Be6 21. Ne2 Qc7 22. Nd4 Bd5 23. Rc1 Qd7 24. Rfd1 Qg4 25. b4 Rh5 26. Bf1 Bf8 27. Qb2 Bd6 28. Qe2 Qxe2 29. Bxe2 Re5 30. a3 Bf8 31. Bf3 Rd8 32. Kf1 Bxf3 33. Nxf3 Red5 34. Rxd5 Rxd5 35. Ke2 a5 36. Rc4 axb4 37. axb4 Rb5 38. Nd4 Rxb4 39. Kd3 Rb2 40. Nc2 Bg7 41. Rc5 Kf8 42. e4 Ke7 43. g4 Ra2 44. e5 Kd7 45. f4 Bf8 46. Rc4 c5 47. Ke4 b5 48. Rc3 Ra4+ 49. Kf3 Ke6 50. Rd3 Be7 51. Ne3 c4 52. Rd5 f5 53. gxf5+ gxf5 54. Rxb5 Ra3 55. Ke2 Rb3 56. Ra5 Rb2+ 57. Kd1 c3 58. Ra6+ Kf7 59. Rxh6 Rd2+ 60. Ke1 Rd3 61. e6+ Kg8 62. Ke2 Rd2+ 1/2-1/2

[Event "Dortmund op-B"]
[Site "Dortmund"]
[Date "2003.08.04"]
[Round "4"]
[White "Sieberg, Rolf"]
[Black "Mijatovic, Mijo"]
[Result "1/2-1/2"]
[WhiteElo "1667"]
[BlackElo "1849"]
[PlyCount "39"]
[EventDate "2003.08.01"]
[EventType "swiss"]
[EventRounds "9"]
[EventCountry "GER"]
[SourceTitle "CBM 095 Extra"]
[Source "ChessBase"]
[SourceDate "2003.09.04"]
[SourceVersion "1"]
[SourceVersionDate "2003.09.04"]
[SourceQuality "1"]

1. e4 c5 2. c3 Nc6 3. d4 cxd4 4. cxd4 d6 5. Nf3 g6 6. Be3 Bg7 7. Be2 Bd7 8. Nc3 a6 9. Qd2 Rc8 10. 0-0 Na5 11. b3 Nc6 12. Rac1 h5 13. h3 e6 14. d5 Ne5 15. dxe6 Nxf3+ 16. Bxf3 Bxe6 17. Nd5 Bh6 18. Rxc8 Bxc8 19. Bxh6 Rxh6 20. Rc1 1/2-1/2

[Event "Dortmund Sparkassen op"]
[Site "Dortmund"]
[Date "1998.??.??"]
[Round "?"]
[White "Konietzka, Lutz"]
[Black "Mijatovic, Mijo"]
[Result "1-0"]
[WhiteElo "2135"]
[BlackElo "2135"]
[PlyCount "121"]
[EventDate "1998.06.??"]
[EventType "swiss"]
[EventRounds "11"]
[EventCountry "GER"]
[SourceTitle "EXT 2002"]
[Source "ChessBase"]
[SourceDate "2001.11.25"]
[SourceVersion "1"]
[SourceVersionDate "2001.11.25"]
[SourceQuality "1"]

1. g3 c5 2. c4 Nc6 3. Bg2 d6 4. Nc3 g6 5. Nf3 Bg7 6. 0-0 Bd7 7. a3 Nf6 8. Rb1 a5 9. d3 Qc8 10. Bg5 h6 11. Bxf6 exf6 12. Nd5 Qd8 13. b4 axb4 14. axb4 b6 15. bxc5 bxc5 16. Rb7 Rc8 17. Nd2 f5 18. Nb1 0-0 19. Nbc3 Bxc3 20. Nxc3 Be6 21. Qa4 Ne5 22. Ra1 Ng4 23. Nd5 Bxd5 24. Bxd5 Nf6 25. Bf3 Ra8 26. Ra7 Rb8 27. Ra6 Qe7 28. Qc6 Rfd8 29. Ra7 Rd7 30. Ra8 Rxa8 31. Rxa8+ Rd8 32. Ra6 g5 33. e3 Kg7 34. d4 cxd4 35. exd4 g4 36. Bd5 Qe1+ 37. Kg2 Nxd5 38. Qxd5 Qe4+ 39. Qxe4 fxe4 40. Kf1 f5 41. Ke2 Rc8 42. Ra4 Kf6 43. Kd2 Rc6 44. Kc3 Rb6 45. c5 dxc5 46. dxc5 Rb1 47. Rc4 Ke5 48. c6 Kd6 49. c7 Rc1+ 50. Kd4 Rxc4+ 51. Kxc4 Kxc7 52. Kd5 Kd7 53. Ke5 Kc6 54. Kxf5 Kd5 55. Kxg4 Kd4 56. Kf4 Kd3 57. g4 Ke2 58. Kxe4 Kxf2 59. h4 Kg3 60. g5 h5 61. g6 1-0

[Event "Dortmund Sparkassen op"]
[Site "Dortmund"]
[Date "1998.??.??"]
[Round "?"]
[White "Mijatovic, Mijo"]
[Black "Leitao, Rafael Duailibe"]
[Result "0-1"]
[WhiteElo "2135"]
[BlackElo "2515"]
[PlyCount "98"]
[EventDate "1998.06.??"]
[EventType "swiss"]
[EventRounds "11"]
[EventCountry "GER"]
[SourceTitle "EXT 1999"]
[Source "ChessBase"]
[SourceDate "1998.11.16"]
[SourceVersion "1"]
[SourceVersionDate "1998.11.16"]
[SourceQuality "1"]

1. d4 Nf6 2. c4 e6 3. Nc3 Bb4 4. Nf3 b6 5. Bg5 Bb7 6. e3 h6 7. Bh4 g5 8. Bg3 Ne4 9. Qb3 Bxc3+ 10. bxc3 h5 11. d5 d6 12. h4 g4 13. Nd2 Nxg3 14. fxg3 Nd7 15. Be2 Nc5 16. Qb5+ Qd7 17. Qxd7+ Kxd7 18. 0-0 Rhf8 19. e4 c6 20. Rf6 Ke7 21. Rf4 Rac8 22. Re1 Nd7 23. Nf1 Ne5 24. Ne3 cxd5 25. exd5 exd5 26. cxd5 Rxc3 27. Bb5 Bc8 28. Kh2 Bd7 29. Bxd7 Kxd7 30. Rf6 Re8 31. Nd1 Rd3 32. Ref1 Rxd5 33. R6f5 Rc8 34. Rxh5 Nf3+ 35. gxf3 Rxh5 36. fxg4 Rh7 37. Rf2 Re8 38. Nc3 Re5 39. g5 d5 40. Kg2 Kc6 41. Rf6+ Kc5 42. Kf3 Kc4 43. Kf4 Re1 44. Rc6+ Kd4 45. Nb5+ Kd3 46. Rc7 Rf1+ 47. Kg4 a6 48. g6 Rg7 49. h5 axb5 0-1